| 000 | 01566nam a22003737a 4500 | ||
|---|---|---|---|
| 005 | 20180714153430.0 | ||
| 010 | _aENG-109038-040 | ||
| 020 |
_a9788180698910 _c4800.00(set of 3 vols.) |
||
| 020 |
_a8180698912 _c4800.00(set of 3 vols.) |
||
| 020 |
_a9788180698927(v.1) _c4800.00(set of 3 vols.) |
||
| 020 |
_a9788180698934(v.2) _c4800.00(set of 3 vols.) |
||
| 020 |
_a9788180698941(v.3) _c4800.00(set of 3 vols.) |
||
| 035 | _aEN-92571-573 | ||
| 035 | _aB-500347-362 B-519533-564 | ||
| 037 | _bDBAD/PUB | ||
| 082 | _a954.035092 | ||
| 082 | _a921 | ||
| 100 | _aGandhi, Mahatma | ||
| 245 |
_aThe Complete Biography of Mahatma Gandhi / _cedited by Anil Dutta Mishra [and] Sohan Raj Tater |
||
| 260 |
_aNew Delhi _bConcept Publishing _c2012 |
||
| 270 |
_aA/15-16, Commercial Block, Mohan Garden _bNew Delhi _e110059 |
||
| 300 |
_a3V.(xi,332p.;viii,220p.;vi,373p.) _c24cm(Hb) |
||
| 500 | _aIncludes index | ||
| 505 | _aV.1-An autobiography or the story of My experiments with truth M.K. Gandhi ; V.2-Satyagraha in South Africa ; V.3-Chronological biography of Mahatma Gandhi | ||
| 600 |
_aGandhi,Mahatma _d1869-1948 |
||
| 650 |
_aStatesman _zIndia _xBiography |
||
| 650 |
_aNationalist _zIndia _xBiography |
||
| 650 |
_aEast Indians _zSouth Africa |
||
| 650 | _aPassive resistance | ||
| 700 | _aMishra, Anil Dutta | ||
| 700 | _aTater,Sohan Raj | ||
| 942 |
_2ddc _cEN _mGAN _h921 |
||
| 999 |
_c81710 _d81710 |
||